<?xml version="1.0" encoding="UTF-8"?>
<record
    xmlns:xsi="http://www.w3.org/2001/XMLSchema-instance"
    xsi:schemaLocation="http://www.loc.gov/MARC21/slim http://www.loc.gov/standards/marcxml/schema/MARC21slim.xsd"
    xmlns="http://www.loc.gov/MARC21/slim">

  <leader>00775nam a22001337a 4500</leader>
  <datafield tag="040" ind1=" " ind2=" ">
    <subfield code="c">RUA</subfield>
  </datafield>
  <datafield tag="082" ind1=" " ind2=" ">
    <subfield code="a">RUB LON 2017 B662 Or.1</subfield>
  </datafield>
  <datafield tag="100" ind1=" " ind2=" ">
    <subfield code="a">LONG NOUCH &#x17A1;&#x17BB;&#x1784; &#x1793;&#x17BC;&#x1785;</subfield>
  </datafield>
  <datafield tag="245" ind1=" " ind2=" ">
    <subfield code="a">potential of rubber clones rrim 600, pb260, pr300, KV4, irca 130 and GT1 investment group co., ltd &#x179F;&#x1780;&#x17D2;&#x178F;&#x17B6;&#x1793;&#x17BB;&#x1796;&#x179B;&#x1793;&#x17C3;&#x1780;&#x17D2;&#x179B;&#x17BC;&#x1793;&#x1780;&#x17C5;&#x179F;&#x17CA;&#x17BC; RRIM600, PB260, PR300, KV4 IRCA130 &#x1793;&#x17B7;&#x1784;GT1 &#x1793;&#x17C5;&#x17A1;&#x17BC;&#x178F;&#x17CD;&#x1796;&#x17B7;&#x179F;&#x17C4;&#x1792;&#x1793;&#x17CF; &#x17E9;&#x17E6;B&#x1793;&#x17C5;&#x1780;&#x17D2;&#x179A;&#x17BB;&#x1798;&#x17A0;&#x17CA;&#x17BB;&#x1793; &#x179F;&#x17BB;&#x1797;&#x1780;&#x17D2;&#x178F;&#x17B7; &#x1793;&#x17B8;&#x1780;&#x17B6;&#x179A;&#x17A2;&#x17BB;&#x17B7; &#x179C;&#x17C1;&#x179F;&#x1798;&#x17C1;&#x1793; &#x1782;&#x17D2;&#x179A;&#x17BB;&#x1794; &#x1781;&#x17BC; &#x17A2;&#x17B7;&#x179B;&#x1792;&#x17B8;&#x178C;&#x17B8; </subfield>
  </datafield>
  <datafield tag="260" ind1=" " ind2=" ">
    <subfield code="a">RUA</subfield>
    <subfield code="b">Phnom penh</subfield>
    <subfield code="c">2017</subfield>
  </datafield>
  <datafield tag="300" ind1=" " ind2=" ">
    <subfield code="a">x,54p</subfield>
    <subfield code="b">ill;</subfield>
    <subfield code="c">29cm</subfield>
  </datafield>
  <datafield tag="856" ind1=" " ind2=" ">
    <subfield code="u">&#x17C1;https://drive.google.com/file/d/1os00OowGsPhDjKbWc3P_psnhgy8ZCsL1/view?usp=sharing</subfield>
  </datafield>
  <datafield tag="942" ind1=" " ind2=" ">
    <subfield code="c">RUB</subfield>
  </datafield>
  <datafield tag="999" ind1=" " ind2=" ">
    <subfield code="c">19166</subfield>
    <subfield code="d">19166</subfield>
  </datafield>
  <datafield tag="952" ind1=" " ind2=" ">
    <subfield code="0">0</subfield>
    <subfield code="1">0</subfield>
    <subfield code="2">ddc</subfield>
    <subfield code="4">0</subfield>
    <subfield code="6">RUB_LON_2017_000000000000000_B662_OR_1</subfield>
    <subfield code="7">0</subfield>
    <subfield code="9">84189</subfield>
    <subfield code="a">LBB</subfield>
    <subfield code="b">LBB</subfield>
    <subfield code="c">B662</subfield>
    <subfield code="d">2020-04-28</subfield>
    <subfield code="o">RUB LON 2017 B662 Or.1</subfield>
    <subfield code="p">A42376</subfield>
    <subfield code="r">2020-04-28</subfield>
    <subfield code="w">2020-04-28</subfield>
    <subfield code="y">RUB</subfield>
  </datafield>
  <datafield tag="952" ind1=" " ind2=" ">
    <subfield code="0">0</subfield>
    <subfield code="1">0</subfield>
    <subfield code="2">ddc</subfield>
    <subfield code="4">0</subfield>
    <subfield code="6">RUB_LON_2017_000000000000000_B662_OR_2</subfield>
    <subfield code="7">0</subfield>
    <subfield code="9">84190</subfield>
    <subfield code="a">LBB</subfield>
    <subfield code="b">LBB</subfield>
    <subfield code="c">B622</subfield>
    <subfield code="d">2020-04-28</subfield>
    <subfield code="o">RUB LON 2017 B662 Or.2</subfield>
    <subfield code="p">A44460</subfield>
    <subfield code="r">2020-04-28</subfield>
    <subfield code="w">2020-04-28</subfield>
    <subfield code="y">RUB</subfield>
  </datafield>
  <datafield tag="952" ind1=" " ind2=" ">
    <subfield code="0">0</subfield>
    <subfield code="1">0</subfield>
    <subfield code="2">ddc</subfield>
    <subfield code="4">0</subfield>
    <subfield code="6">RUB_LON_2017_000000000000000_B662_OR_3</subfield>
    <subfield code="7">0</subfield>
    <subfield code="9">84191</subfield>
    <subfield code="a">LBB</subfield>
    <subfield code="b">LBB</subfield>
    <subfield code="c">B622</subfield>
    <subfield code="d">2020-04-28</subfield>
    <subfield code="o">RUB LON 2017 B662 Or.3</subfield>
    <subfield code="p">A44255</subfield>
    <subfield code="r">2020-04-28</subfield>
    <subfield code="w">2020-04-28</subfield>
    <subfield code="y">RUB</subfield>
  </datafield>
  <datafield tag="952" ind1=" " ind2=" ">
    <subfield code="0">0</subfield>
    <subfield code="1">0</subfield>
    <subfield code="2">ddc</subfield>
    <subfield code="4">0</subfield>
    <subfield code="6">RUB_LON_2017_000000000000000_B662_OR_4</subfield>
    <subfield code="7">0</subfield>
    <subfield code="9">84192</subfield>
    <subfield code="a">LBB</subfield>
    <subfield code="b">LBB</subfield>
    <subfield code="c">B622</subfield>
    <subfield code="d">2020-04-28</subfield>
    <subfield code="o">RUB LON 2017 B662 Or.4</subfield>
    <subfield code="p">A44425</subfield>
    <subfield code="r">2020-04-28</subfield>
    <subfield code="w">2020-04-28</subfield>
    <subfield code="y">RUB</subfield>
  </datafield>
  <datafield tag="952" ind1=" " ind2=" ">
    <subfield code="0">0</subfield>
    <subfield code="1">0</subfield>
    <subfield code="2">ddc</subfield>
    <subfield code="4">0</subfield>
    <subfield code="6">RUB_LON_2017_000000000000000_B662_OR_5</subfield>
    <subfield code="7">0</subfield>
    <subfield code="9">84193</subfield>
    <subfield code="a">LBB</subfield>
    <subfield code="b">LBB</subfield>
    <subfield code="c">B622</subfield>
    <subfield code="d">2020-04-28</subfield>
    <subfield code="o">RUB LON 2017 B662 Or.5</subfield>
    <subfield code="p">A44480</subfield>
    <subfield code="r">2020-04-28</subfield>
    <subfield code="w">2020-04-28</subfield>
    <subfield code="y">RUB</subfield>
  </datafield>
  <datafield tag="952" ind1=" " ind2=" ">
    <subfield code="0">0</subfield>
    <subfield code="1">0</subfield>
    <subfield code="2">ddc</subfield>
    <subfield code="4">0</subfield>
    <subfield code="6">RUB_LON_2017_000000000000000_B662_OR_6</subfield>
    <subfield code="7">0</subfield>
    <subfield code="9">84194</subfield>
    <subfield code="a">LBB</subfield>
    <subfield code="b">LBB</subfield>
    <subfield code="c">B622</subfield>
    <subfield code="d">2020-04-28</subfield>
    <subfield code="o">RUB LON 2017 B662 Or.6</subfield>
    <subfield code="p">A42301</subfield>
    <subfield code="r">2020-04-28</subfield>
    <subfield code="w">2020-04-28</subfield>
    <subfield code="y">RUB</subfield>
  </datafield>
</record>
